000 00624nam a2200241 a 4500
001 nice12345678
003 IN_TiNIC
005 20260116014604.0
008 050524s2003 newa grp 000 0 eng
020 _a8173040
_c500
082 0 0 _a954.0072
_bMUS
100 _aMushirul Hasan,
245 _aMaking Sense of History
260 _aNew Delhi
_bManohar Pub.
_c2003
300 _a518p
500 _aincludes index and biblioraphy
505 2 _aGlossary, Notes, Bibliography, Index
650 _aIndia-Historiography
700 1 _aMushirul Hasan,
902 _bSRS
942 _cBK
999 _c16105
_d16105